000 01432nam a2200445 i 4500
001 6242
003 KOSZ 005
005 20200211124204.0
008 970510s1991 pl f f |001 0 pol
015 _aPB 1995/8948
035 _a991000126079705066
035 _a(PL-WaBN)b10079725-48omnis_nlop
035 _ab10079725
035 _a(OCoLC)830051000
035 _a(PL)b0000001007972
035 _a(EXLNZ-48OMNIS_NETWORK)9910488582205606
040 _aWA N
_cWA N
_dKOSZ 005/HR
046 _k1991
080 _a004.451
080 _a004.4'42
080 _a(075.8)
100 1 _aJędruch, Andrzej
_eAutor
245 1 0 _a Techniki asemblerowe w programowaniu komputera IBM PC.
_nCz. 2,
_pZastosowanie funkcji systemu DOS /
_cAndrzej Jędruch ; Politechnika Gdańska.
246 3 0 _aZastosowanie funkcji systemu DOS
260 _aGdańsk :
_bWydaw. PG,
_c1991.
300 _a164 s. ;
_c24 cm.
380 _aKsiążki
388 _a1901-2000
388 _a1989-2000
504 _aBibliogr. s. 158. - Indeksy.
521 _aSkrypt dla studentów kierunku Informatyka.
650 7 _aAsemblery
_2DBN
650 7 _aDOS
_2DBN
650 7 _aSystemy operacyjne
_2DBN
655 7 _aPodręczniki akademickie
_2DBN
658 _aInformatyka i technologie informacyjne
710 2 _aWydawnictwo Politechniki Gdańskiej
_4pbl
942 _2UKD
_cKS
999 _c6242
_d6242